Online
Catalog

Teoría de máquinas y mecanismos / (Record no. 37970)

MARC details
000 -CABECERA
campo de control de longitud fija 00623nam a2200181 a 4500
001 - NÚMERO DE CONTROL
campo de control 000038480
005 - FECHA Y HORA DE LA ÚLTIMA TRANSACCIÓN
campo de control 20201002031256.0
008 - DATOS DE LONGITUD FIJA--INFORMACIÓN GENERAL
campo de control de longitud fija 130412s1990 mx a 000 0 spa d
020 ## - NÚMERO INTERNACIONAL ESTÁNDAR DEL LIBRO
Número Internacional Estándar del Libro 968451297X
040 ## - FUENTE DE LA CATALOGACIÓN
Centro catalogador/agencia de origen DO-SdBNP
Lengua de catalogación spa
Centro/agencia transcriptor BNPHU
100 1# - ENTRADA PRINCIPAL--NOMBRE DE PERSONA
Nombre de persona Shigley, Joseph Edward
9 (RLIN) 64825
245 10 - MENCIÓN DE TÍTULO
Título Teoría de máquinas y mecanismos /
Mención de responsabilidad, etc. Joseph Edward, John Joseph Uicker ; traductor Hortensia C. de Contin.
260 ## - PUBLICACIÓN, DISTRIBUCIÓN, ETC.
Lugar de publicación, distribución, etc. México :
Nombre del editor, distribuidor, etc. Mcgraw-Hill,
Fecha de publicación, distribución, etc. 1990.
300 ## - DESCRIPCIÓN FÍSICA
Extensión 613 p. :
Otras características físicas ils. ;
Dimensiones 21 cm.
500 ## - NOTA GENERAL
Nota general Traducido del idioma inglés
700 1# - PUNTO DE ACCESO ADICIONAL--NOMBRE DE PERSONA
Nombre de persona Uicker, John Joseph
9 (RLIN) 64826
700 1# - PUNTO DE ACCESO ADICIONAL--NOMBRE DE PERSONA
Nombre de persona Contin, Hortensia C. de,
Término indicativo de función/relación trad.
9 (RLIN) 64827
Holdings
Estado de retiro Estado de pérdida Restricciones de uso No para préstamo Código de colección Localización permanente Ubicación/localización actual Ubicación en estantería Fecha de adquisición Número de inventario Total de préstamos Signatura topográfica completa Código de barras Fecha visto por última vez Precio válido a partir de Tipo de ítem Koha
      Excluido de préstamo Monografías: Libros y Folletos Patrimonio Dominicano Patrimonio Dominicano En catalogación 12.04.2013 LF1   38480-10 25.06.2020 25.06.2020 No se presta

Powered by Koha